| 000 | 01823nam a2200265Ia 4500 | ||
|---|---|---|---|
| 999 |
_c56234 _d56234 |
||
| 001 | 23336 | ||
| 003 | GE_BSU | ||
| 005 | 20260109145806.0 | ||
| 008 | 181216s1964||||ge |||||||||||||| ||geo|| | ||
| 040 | _cGE_BSU | ||
| 041 | _ageo | ||
| 080 | _a94(479.223)"18 მ-47 | ||
| 100 |
_aმეგრელიძე, შამშე _926634 |
||
| 245 |
_aაჭარის წარსულიდან : _b მუჰაჯირობა 1878-1882 წლებში / _cშამშე მეგრელიძე ; რედ.: ა. სურგულაძე ; საქ. სსრ მეცნ. აკად., ს. ჯანაშიას სახ. საქ. სახელმწ. მუზეუმი. |
||
| 264 |
_aთბილისი : _bმეცნიერება, _c1964. |
||
| 300 |
_a100 გვ. ; _c21 სმ. |
||
| 500 | _aდანართი: გრიგოლ ორბელიანის წერილიდან კავკასიის მეფისნაცვლის მოადგილისადმი, დ. ი. სვიატოპოლკ-მირსკისადმი ბათუმის ოლქიდან მოსახლეობის გასახლების შესახებ | ||
| 500 | _aგ. წერეთლის კორესპოდენციები აჭარის მოსახლეობის გასახლების შესახებ | ||
| 504 | _aბიბლიოგრ. შენიშვნებში | ||
| 541 | _h0,80თ. | ||
| 653 | _aაჭარის წარსულიდან : მუჰაჯირობა 1878-1882 წლებში | ||
| 653 | _aისტორია | ||
| 700 |
_aსურგულაძე, ა. _eრედაქტორი _926635 |
||
| 942 |
_cBK _2udc |
||